000 00474nam a2200169Ia 4500
003 OSt
005 20210902120339.0
008 190216s9999||||xx |||||||||||||| ||und||
040 _coclc
082 _a492.79
_bHAM/S
100 _aHameed, V B Abdul
_98751
245 0 _aSharahul Muaallakath /
_cV B Abdul Hameed
260 _bAl Huda Book Stall,
_c2012.
_aCalicut:
300 _a49p
650 _aArabic
942 _cBK
_2ddc
_h492.79
_iHAM/S
_k492.79
_mHAM/S
999 _c875
_d875